Legal research : (Record no. 1388)

MARC details
000 -LEADER
fixed length control field 01374cam a2200289Ia 4500
003 - CONTROL NUMBER IDENTIFIER
control field data
005 - DATE AND TIME OF LATEST TRANSACTION
control field 20260322212058.0
008 - FIXED-LENGTH DATA ELEMENTS--GENERAL INFORMATION
fixed length control field data
020 ## - INTERNATIONAL STANDARD BOOK NUMBER
International Standard Book Number 1413306934 (pbk.) :
Terms of availability {dollar}39.99
020 ## - INTERNATIONAL STANDARD BOOK NUMBER
International Standard Book Number 9781413306934 (pbk.) :
Terms of availability {dollar}39.99
040 ## - CATALOGING SOURCE
Original cataloging agency YEQ
Transcribing agency YEQ
Modifying agency BAKER
-- RCJ
-- BAKER
043 ## - GEOGRAPHIC AREA CODE
Geographic area code n-us---
050 #4 - LIBRARY OF CONGRESS CALL NUMBER
Classification number KF240
Item number .E35 2007
092 ## - LOCALLY ASSIGNED DEWEY CALL NUMBER (OCLC)
Classification number 340.07 E35 2007
001 - CONTROL NUMBER
control field data
245 00 - TITLE STATEMENT
Title Legal research :
Remainder of title how to find & understand the law /
Statement of responsibility, etc. edited by Stephen Elias, Susan Levinkind & Richard Stim.
246 30 - VARYING FORM OF TITLE
Title proper/short title Legal research :
Remainder of title how to find and understand the law
250 ## - EDITION STATEMENT
Edition statement 14th ed.
260 ## - PUBLICATION, DISTRIBUTION, ETC.
Place of publication, distribution, etc. Berkeley, CA :
Name of publisher, distributor, etc. Nolo,
Date of publication, distribution, etc. 2007.
300 ## - PHYSICAL DESCRIPTION
Extent 322 p. :
Other physical details ill. ;
Dimensions 28 cm.
500 ## - GENERAL NOTE
General note Includes index.
505 0# - FORMATTED CONTENTS NOTE
Formatted contents note Quick legal research tips -- An overview of legal research -- An overview of the law -- Putting your questions into legal categories -- Getting some background information -- Constitutions, statutes, regulations and ordinances -- Understanding case law -- How cases are published -- Finding cases -- Shepard's, digests and the Internet: expand and update your research -- How to write a legal memorandum -- The legal research method : examples -- Appendix: Glossary of legal terms.
650 #0 - SUBJECT ADDED ENTRY--TOPICAL TERM
Topical term or geographic name entry element Legal research
Geographic subdivision United States
Form subdivision Popular works.
700 1# - ADDED ENTRY--PERSONAL NAME
Personal name Elias, Stephen.
700 1# - ADDED ENTRY--PERSONAL NAME
Personal name Levinkind, Susan,
Dates associated with a name 1942-
700 1# - ADDED ENTRY--PERSONAL NAME
Personal name Stim, Richard.
Holdings
Withdrawn status Lost status Damaged status Not for loan Home library Current library Shelving location Date acquired Total checkouts Full call number Barcode Date last seen Price effective from Koha item type
        Liberty Liberty General stacks 22/03/2026   KF240 .E35 2007 BC0011434 22/03/2026 22/03/2026 Books